=LDR 00000nam 2200000 4500 =001 INLIS000000000022008 =005 20130612120817 =008 ***********************************Ind** =035 ##$$0010-061300000022008 =041 ##$$a Ind =082 ##$$a 398.209 598 51 =090 ##$$a 398.209 598 51, Ali f =100 ##$$a Alibasah, Margaret Muth =245 ##$$a Folk tales from Bali and Lombok, Margaret Muth Alibasah =260 ##$$a 1994 $b Jakarta =300 ##$$a vii, 85, ilus, 21 cm =650 ##$$a Cerita Rakyat Lombok =850 ##$$a NBPNMAT